| 000 | 00746nam a22001577a 4500 | ||
|---|---|---|---|
| 003 | OSt | ||
| 005 | 20150918100726.0 | ||
| 008 | 150918b xxu||||| |||| 00| 0 eng d | ||
| 040 | _cRUA | ||
| 082 | _aAGR TOU 2005 B032 Or.1 | ||
| 100 |
_9734 _aTOUN, PRASITH. |
||
| 245 | _aEffect of plant spacing on cauliflower yields in crop station at royal university of agriculture, (ឥទ្ផ្កិពលចន្លោះគុម្ពលើទន្និផលដំណាំខាត់ណាផ្កានៅស្ថានីយ៏ពិសោធន៏ដំណាំនៃសាកលវិទ្យាល័យភូមិន្ទកសិកម្ម) | ||
| 260 |
_aPhnom Penh _bRUA _c2005 |
||
| 300 |
_ax, 51p. _bill. _c29cm. |
||
| 942 |
_2ddc _cAGR |
||
| 999 |
_c705 _d705 |
||